00875nam a2200229 a 4500001001000000003000500010005001700015008004100032010001100073011001100084040000900095100003900104245014300143260004100286500006000327502008400387650002400471650002400495650002000519650003600539856007000575000111340CHAP20220329144207.0150327s2015 mx a fsm |||||||spa d a107802 a108774 cCHAP1 aEsguerra Hormiga, Guillermo Andrey10aAnálisis y predicción del cambio de uso de suelo en el estado de Puebla, Méxicoh[En línea]cpor Guilermo Andrey Esguerra Hormiga. aChapingo, Méx. :bEl autor,c2015. aPara ver el contenido del material haga clic en la liga aTesis (M. C. en Ciencias Forestales) -- UACH. División de Ciencias Forestales14aEcología vegetal.14aSuelosxEcología.14aSuelosxPuebla.14aTierrasxUtilizaciónxPuebla. aFinding aiduhttp://10.13.5.2/tesis/sist111340.pdfzTeclea aquí